000 00426nam a2200181Ia 4500
001 7747
005 20260306160518.0
008 260306t1999||||xx |||||||||||||| ||spa||
041 _aESP
082 _a361
_bH39
100 _aHenriquez, Narda (Ed.)
_eAUT
245 0 _aConstruyendo una agencia social
260 _c1999
300 _a355 páginas :
_c20 cm.
650 _aGEN
654 _aCAN
942 _cLIB
_dJUS
_fJUS
_2ddc
_n
999 _c7747
_d7747